FİZİK ÖĞRETİMİNDE PROBLEM ÇÖZME (Record no. 1184691)

MARC details
000 -LEADER
sabit uzunluktaki kontrol alanı 00269nam a2200097Ia 4500
001 - KONTROL NUMARASI
kontrol alanı 1184691
005 - EN SON İŞLEMİN TARİH VE ZAMANI
kontrol alanı 20250827020919.0
008 - SABİT-UZUNLUKTA VERİ ÖĞELERİ--GENEL BİLGİ
sabit uzunluktaki kontrol alanı 250824s9999 xx 000 0 und d
245 #0 - ESER / YAZAR
ESER ADI FİZİK ÖĞRETİMİNDE PROBLEM ÇÖZME
Yazar Adı ELİF İNCE
260 ## - YAYIN, DAĞITIM, VB.
YAYIN EVİ CEZVE KİTAP YAYINLARI
Holdings
Düşüm durumu Kayıp durumu Hasar Durumu Ödünç verilmez Ana kütüphane Geçerli Kütüphane Edinilen tarih Toplam ödünç verme sayısı Barkod Son görüntüleme tarihi Fiyatın geçerli olmaya başladığı tarih Koha materyal türü
        SELÇUKLU BELEDİYESİ SİLLE İLKOKULU SELÇUKLU BELEDİYESİ SİLLE İLKOKULU 24.08.2025   10982598 27.08.2025 27.08.2025 Books